The Most Dangerous Countries To Live In - Statistics

General Stats
  • This quiz has been taken 63 times
  • The average score is 3 of 10
Answer Stats
Answer % Correct
Syria
71%
Yemen
55%
Iraq
49%
South Sudan
31%
Central African Republic
27%
Mexico
25%
Brazil
24%
Afganistan
8%
Demo Republic Of The Congo
0%
Somania
0%
No matching quizzes found
Score Distribution
Percent of People with Each Score
Percentile by Number Answered
Your Score History
You have not taken this quiz